| 000 | 00519cam4a220018100 4500 | ||
|---|---|---|---|
| 001 | tmp16001368 | ||
| 003 | UPRA | ||
| 005 | 20190830105414.0 | ||
| 008 | 951120n sz ger u | ||
| 035 | _a(Sirsi) r26397 | ||
| 035 | _a(UPRA)tmp16001368 | ||
| 040 | _cUPRA | ||
| 100 | 1 |
_aSchiller, Friedrich, 1759-1805. _dSchiller, Friedrich, 1759-1805. _6A64711.1 |
|
| 245 | 1 | 0 |
_aWilhelm Tell : _bSchauspiel. |
| 260 |
_a[Basel : _bGute Schriften] |
||
| 949 |
_aPT2468 _wlcc _i-27134 _mMAIN _tBOOK _lON-SHELF |
||
| 004 | 26397 | ||
| 999 |
_c186778 _d186778 |
||